000 00290cam a22000977a 4500
008 180718b1974 xxu||||| |||| 00| 0 eng d
082 _aK85x42 Un3b
245 _aBetter pensions: proposals for a new pensions scheme
260 _aLondon
_bHer Majesty's Stationery Office
_c1974
300 _a29+p.
999 _c500132
_d500132